The Age Of Awakening (Record no. 349678)

MARC details
000 -LEADER
fixed length control field 00501nam a2200169Ia 4500
008 - FIXED-LENGTH DATA ELEMENTS--GENERAL INFORMATION
fixed length control field 230718s9999 xx 000 0 und d
020 ## - INTERNATIONAL STANDARD BOOK NUMBER
International Standard Book Number 9780670090891
041 ## - LANGUAGE CODE
Language code of text/sound track or separate title eng
082 ## - DEWEY DECIMAL CLASSIFICATION NUMBER
Classification number 330.54
Item number KAP
100 ## - MAIN ENTRY--PERSONAL NAME
Personal name Kapoor A.
9 (RLIN) 108932
245 ## - TITLE STATEMENT
Title The Age Of Awakening
Remainder of title The Story Of The Indian Economy Since Independence
260 ## - PUBLICATION, DISTRIBUTION, ETC. (IMPRINT)
Date of publication, distribution, etc. 2018
Name of publisher, distributor, etc. Penguin/ Portfolio
300 ## - PHYSICAL DESCRIPTION
Extent 310
365 ## - TRADE PRICE
Currency code Rs.
Price amount 599.00
700 ## - ADDED ENTRY--PERSONAL NAME
Personal name Kapoor A.
9 (RLIN) 108932
906 ## - LOCAL DATA ELEMENT F, LDF (RLIN)
d O:0640922-Feb-2019B:512605-Feb-2019
c GENRL
b 131.78
Holdings
Withdrawn status Lost status Damaged status Not for loan Home library Current library Date acquired Vendor Budget Code Cost, normal purchase price Bill number Total Checkouts Full call number Barcode Date last seen Discount Cost, replacement price Bill Date Koha item type Original Barcode
        Cummins College of Engineering for Women Pune Cummins College of Engineering for Women Pune 22/02/2019 Technical Book Services GENRL 467.22 5126   330.54 CCEP-BK-60885 18/07/2023 131.78 599.00 05/02/2019 Books 060885